000 00685nam a2200181Ia 4500
008 100921s9999 xx 000 0 und d
082 _b5595
_a294.563 थ 09
100 _aराजवाडे विश्वनाथ काशिनाथ.संपा.
245 _aज्ञानेश्वरी अध्याय 1-18.
260 _b---
_c1909
300 _a778
_b---
365 _b4
520 _aधर्म-संत संहित्य.
630 _aज्ञानेश्वरी अध्याय 1-18.
650 _aधर्म-संत संहित्य.
730 _aज्ञानेश्वरी अध्याय 1-18.
942 _cBOOK
999 _c754708
_d754705